Statistics for Best Countries for Immigrants

Click here to take the quiz!

General Stats

  • This quiz has been taken 37 times
  • The average score is 13 of 15

Answer Stats

HintAnswer% Correct
NZNew Zealand
100%
AAustralia
93%
CCanada
93%
GGermany
93%
UUSA
89%
DDenmark
86%
SSweden
86%
UUK
86%
FFinland
82%
NNorway
82%
IIreland
79%
SSwitzerland
79%
IIceland
75%
NNetherlands
75%
SSingapore
71%

Score Distribution

Percentile by Number Answered

Percent of People with Each Score

Your Score History

You have not taken this quiz